000 02305nam a2200589 i 4500
001 15467
003 KOSZ 005
005 20200630090231.0
008 200416s1973 pl ab f 000 0 pol
015 _aUWD 1973/6169
035 _a991034055789705066
035 _a(PL-WaBN)b19112063-48omnis_nlop
035 _ab19112063
035 _a(OCoLC)803673327
035 _a(PL)b0000001911206
035 _a(EXLNZ-48OMNIS_NETWORK)9910463954305606
040 _aWA N
_cWA N
_dKOSZ 005/RW
041 0 _apol
_beng
_brus
046 _k1973
080 _a553.4(438)
080 _a544
245 0 0 _aWybrane zagadnienia z fizykochemii złóż /
_c[redakcja naukowa Juliusz Serkies].
260 _aWrocław :
_bWydawnictwo Politechniki Wrocławskiej,
_c1973.
300 _a56, [1] stron, [5] kart tablic :
_bilustracje, mapa ;
_c24 cm.
336 _aTekst
_btxt
_2rdacontent
337 _aBez urządzenia pośredniczącego
_bn
_2rdamedia
338 _aWolumin
_bnc
_2rdacarrier
380 _aKsiążki
380 _aPublikacje naukowe
388 _a1901-2000
388 _a1945-1989
490 1 _aPrace Naukowe Instytutu Chemii Nieorganicznej i Metalurgii Pierwiastków Rzadkich Politechniki Wrocławskiej. Studia i Materiały,
_x0370-0755 ;
_v11
500 _aNumeracja serii głównej: 14
504 _aBibliografia przy pracach.
546 _aStreszczenia w języku angielskim i rosyjskim.
650 7 _aChemia fizyczna
_2DBN
650 7 _aGeologia
650 7 _aRudy miedzi
_2DBN
650 7 _aWanad
_2DBN
651 7 _aPolska
655 7 _aPraca zbiorowa
658 _aGeografia i nauki o Ziemi
658 _aChemia
658 _aFizyka i astronomia
700 1 _aSerkies, Juliusz
_eRedakcja
710 2 _aOficyna Wydawnicza Politechniki Wrocławskiej
_4pbl
830 0 _aPrace Naukowe Instytutu Chemii Nieorganicznej i Metalurgii Pierwiastków Rzadkich Politechniki Wrocławskiej
_vnr 14
830 0 _aPrace Naukowe Instytutu Chemii Nieorganicznej i Metalurgii Pierwiastków Rzadkich Politechniki Wrocławskiej.
_pStudia i Materiały
_v11
856 _uhttp://koha.tu.koszalin.pl/cgi-bin/koha/opac-detail.pl?biblionumber=15467
_yKatalog online BPK
942 _2UKD
_cKS
999 _c15467
_d15467